| 000 | 01935cam a2200361 a 4500 | ||
|---|---|---|---|
| 999 |
_c8331 _d8331 |
||
| 001 | 16299002 | ||
| 003 | GZU | ||
| 005 | 20210519113029.0 | ||
| 008 | 100623s2010 nyu b 001 0 eng | ||
| 010 | _a 2010026870 | ||
| 020 |
_a9780307591111 : _c$25.00 |
||
| 035 | _a(OCoLC)ocn645790111 | ||
| 040 |
_aDLC _cDLC _dOCO _dC#P _dYDXCP _dVP@ _dCDX _dEEK _dDLC |
||
| 050 | 0 | 0 |
_aT174 _b.BIL 2010 |
| 082 | 0 | 0 |
_a303.48/34 _222 |
| 100 | 1 | _aBilton, Nick. | |
| 245 | 1 | 0 |
_aI live in the future & here's how it works : _bwhy your world, work, and brain are being creatively disrupted / _cNick Bilton. |
| 246 | 3 | _aI live in the future and here's how it works | |
| 250 | _a1st ed. | ||
| 260 |
_aNew York : _bCrown Business, _cc2010. |
||
| 300 |
_ax, 293 p. ; _c22 cm. |
||
| 504 | _aIncludes bibliographical references and index. | ||
| 505 | 0 | _aCancel my subscription -- Bunnies, markets, and the bottom line: porn leads the way -- Scribbling monks and comic books: it's ok, you've survived this before -- Your cognitive road map: anchoring communities -- Suggestions and swarms: trusting computers and humans -- When surgeons play video games: our changing brains -- Me in the middle: the rise of me economics -- Warning: danger zone ahead: multiple multitasking multitaskers -- What the future will look like: a prescription for change -- Why they're not coming back. | |
| 650 | 0 | _aTechnological forecasting. | |
| 650 | 0 |
_aTechnology _xSocial aspects. |
|
| 650 | 0 | _aComputers and civilization. | |
| 650 | 0 | _aUbiquitous computing. | |
| 856 | 4 | 2 |
_3Contributor biographical information _uhttp://www.loc.gov/catdir/enhancements/fy1106/2010026870-b.html |
| 856 | 4 | 2 |
_3Publisher description _uhttp://www.loc.gov/catdir/enhancements/fy1106/2010026870-d.html |
| 906 |
_a7 _bcbc _corignew _d1 _eecip _f20 _gy-gencatlg |
||
| 942 |
_2lcc _cBK _h174 _iBIL _kT |
||